|
|
|
|
| LEADER |
00000nab a2200000 ar4500 |
| 001 |
vtls008690629 |
| 003 |
SK-MaSNL |
| 005 |
20260304213651.0 |
| 008 |
060412c2006 xo mr|p|||||||000 b|slo |
| 015 |
|
|
|a SNBRB2006/04
|2 snkbucl
|
| 040 |
|
|
|a SNKBUCL
|b slo
|c SNKBUCL
|e AACR2
|
| 041 |
0 |
|
|a slo
|
| 044 |
|
|
|a xo
|c SK
|
| 080 |
|
|
|a 621.311.25
|x (477)
|2 2001
|
| 080 |
|
|
|a 614.876
|2 2001
|
| 100 |
1 |
|
|a Jánošík, Peter,
|d 1946-
|4 aut
|9 103874
|
| 245 |
1 |
0 |
|a Desať Hiroším nad Európou
|b svet už 20 rokov pozná slovo Černobyľ
|c Peter Jánošík
|
| 300 |
|
|
|b Fotogr., mp.
|
| 610 |
2 |
7 |
|a Jadrová elektráreň (Černobyľ, Ukrajina)
|2 snkbucl
|9 86458
|
| 648 |
|
7 |
|a 26.4.1986
|2 snkbucl
|9 1546830
|
| 650 |
0 |
7 |
|a jadrové elektrárne
|2 snkbucl
|9 15295
|
| 650 |
0 |
7 |
|a technické havárie
|2 snkbucl
|9 67652
|
| 651 |
|
7 |
|a Černobyľ (Ukrajina)
|2 snkbucl
|9 51785
|
| 773 |
0 |
|
|t Extra plus
|g Roč. 6, apríl (2006), s. 28-34
|x 1336-0256
|
| 852 |
|
|
|a SNK
|b KIS3GCP
|
| 958 |
|
|
|a UA
|
| 999 |
|
|
|c 3136993
|d 3138923
|